Countries at 25°E Longitude - Statistics

General Stats
  • This quiz has been taken 21 times
  • The average score is 20 of 20
Answer Stats
Country % Correct
Belarus
100%
Central African Republic
100%
Democratic Republic of the Congo
100%
Egypt
100%
Estonia
100%
Finland
100%
Latvia
100%
Lithuania
100%
Norway
100%
Romania
100%
South Africa
100%
South Sudan
100%
Sudan
100%
Ukraine
100%
Zambia
100%
Bulgaria
95%
Greece
95%
Libya
95%
Namibia
95%
Botswana
90%
No matching quizzes found
Score Distribution
Percent of People with Each Score
Percentile by Number Answered
Your Score History
You have not taken this quiz